Biggest and Smallest Countries by Area by Continent - Statistics

General Stats
  • This quiz has been taken 455 times
  • The average score is 10 of 11
Answer Stats
Answer % Correct
Russia
100%
Vatican City
99%
Canada
98%
Australia
97%
Brazil
97%
Algeria
92%
Suriname
85%
Nauru
78%
St. Kitts and Nevis
76%
Seychelles
74%
Maldives
67%
No matching quizzes found
Score Distribution
Percent of People with Each Score
Percentile by Number Answered
Your Score History
You have not taken this quiz